| 000 | 00814nam a2200217 a 4500 | ||
|---|---|---|---|
| 005 | 20231128063627.0 | ||
| 008 | 030619s1978 mx r 000 0 spa d | ||
| 035 | _aUPN01000126183 | ||
| 049 | _aSEP | ||
| 050 | 4 |
_aH31 _bC4 no.59 |
|
| 100 | 1 | _aBrüggemann, Jürgen Kurt | |
| 245 | 1 | 0 |
_aEstudios estratigráficos en Tlapacoya, Estado de México : _buna visión dinámica de la cerámica arqueológica / _cJürgen Kurt Bruggemann. |
| 260 |
_aMéxico : _bINAH, Departamento de Monumentos Preshispánicos, _c1978. |
||
| 300 |
_a80 p. : _bil. |
||
| 440 | 0 |
_aCientífica ; _v59. _pArqueología |
|
| 650 | 4 |
_aCIENCIAS SOCIALES - _vCOLECCIONES _910421 |
|
| 650 | 4 |
_aIndígenas de México _xAlfarería _916 |
|
| 650 | 4 |
_aCERAMICA - _xHISTORIA _99614 |
|
| 651 | 4 |
_aTLAPACOYA, ESTADO DE MEXICO - _xANTIGUEDADES |
|
| 905 | _aLibro | ||
| 999 |
_c98362 _d98362 |
||